00596nam a2200193Ia 4500008004100000020001800041082001600059100002100075245003800096250000600134260003900140300001700179500002400196650001000220700005200230942000700282952009600289999001700385230524s9999 xx 000 0 und d a9789382332602 a624.17bMUT aK U Muthu942909 0aIndeterminate Structural Analysis a1 aNew DelhibI.K.Internationalc2014 a"XVII,824p;" aQuantity Number: 1 aCivil a"H.Narendra, Maganti , Janardhana. etl"942910 cBK 00104070aTATCLbTATCLcGENd2023-05-24l0o624.17 MUTp54170r2023-05-24w2023-05-24yBK c57877d57877